How to test negative for stupid : (Record no. 414992)
[ view plain ]
| 000 -LEADER | |
|---|---|
| fixed length control field | 01569nam a2200397 i 4500 |
| 001 - CONTROL NUMBER | |
| control field | in903098031 |
| 003 - CONTROL NUMBER IDENTIFIER | |
| control field | Ingram |
| 005 - DATE AND TIME OF LATEST TRANSACTION | |
| control field | 20260220101447.0 |
| 008 - FIXED-LENGTH DATA ELEMENTS--GENERAL INFORMATION | |
| fixed length control field | 251104s2025 nyu 000 0deng d |
| 020 ## - INTERNATIONAL STANDARD BOOK NUMBER | |
| International Standard Book Number | 9780063428164 |
| Qualifying information | (hardback) |
| 020 ## - INTERNATIONAL STANDARD BOOK NUMBER | |
| International Standard Book Number | 0063428164 |
| Qualifying information | (hardback) |
| 035 ## - SYSTEM CONTROL NUMBER | |
| System control number | (OCoLC)1543147662 |
| 040 ## - CATALOGING SOURCE | |
| Original cataloging agency | TnLvILS |
| Language of cataloging | eng |
| Description conventions | rda |
| Transcribing agency | TnLvILS |
| 041 0# - LANGUAGE CODE | |
| Language code of text/sound track or separate title | eng |
| 043 ## - GEOGRAPHIC AREA CODE | |
| Geographic area code | n-us--- |
| -- | n-us-dc |
| 050 #4 - LIBRARY OF CONGRESS CALL NUMBER | |
| Classification number | PN6231.P6 |
| Item number | K46 2025 |
| 082 04 - DEWEY DECIMAL CLASSIFICATION NUMBER | |
| Classification number | 320.9730207 |
| Edition number | 23 |
| 092 ## - LOCALLY ASSIGNED DEWEY CALL NUMBER (OCLC) | |
| Classification number | general nonfiction |
| Item number | 320.97 Kennedy, John |
| 100 1# - MAIN ENTRY--PERSONAL NAME | |
| Personal name | Kennedy, John, |
| Dates associated with a name | 1951- |
| Relator term | author. |
| 9 (RLIN) | 6558778 |
| 245 10 - TITLE STATEMENT | |
| Title | How to test negative for stupid : |
| Remainder of title | and why washington never will / |
| Statement of responsibility, etc | John Kennedy. |
| 264 #1 - Production, Publication, Distribution, Manufacture, and Copyright Notice. | |
| Place of production, publication, distribution, manufacture | New York, NY : |
| Name of producer, publisher, distributor, manufacturer | Broadside Books, |
| Date of production, publication, distribution, manufacture, or copyr | 2025. |
| 300 ## - PHYSICAL DESCRIPTION | |
| Extent | 216 pages ; |
| Dimensions | 24 cm |
| 336 ## - Content Type | |
| Content type term | text |
| 337 ## - Media type | |
| Media type term | unmediated |
| 338 ## - Carrier type | |
| Carrier type term | volume |
| 520 ## - SUMMARY, ETC. | |
| Summary, etc | "Senator John Kennedy offers his tongue-in-cheek guidebook through Washington, punctuated by his thoughts on various issues and humorous stories about life from Louisiana politics and inside the Senate."-- |
| 600 10 - SUBJECT ADDED ENTRY--PERSONAL NAME | |
| Personal name | Kennedy, John, |
| Dates associated with a name | 1951- |
| Form subdivision | Anecdotes. |
| 9 (RLIN) | 6558779 |
| 650 #0 - SUBJECT ADDED ENTRY--TOPICAL TERM | |
| Topical term or geographic name as entry element | Legislators |
| Geographic subdivision | United States |
| Form subdivision | Anecdotes. |
| 9 (RLIN) | 6558780 |
| 650 #0 - SUBJECT ADDED ENTRY--TOPICAL TERM | |
| Topical term or geographic name as entry element | Political culture |
| Geographic subdivision | United States |
| Form subdivision | Humor. |
| 9 (RLIN) | 6442015 |
| 651 #0 - SUBJECT ADDED ENTRY--GEOGRAPHIC NAME | |
| Geographic name | United States |
| General subdivision | Politics and government |
| Form subdivision | Humor. |
| 9 (RLIN) | 6458857 |
| 651 #0 - SUBJECT ADDED ENTRY--GEOGRAPHIC NAME | |
| Geographic name | Washington (D.C.) |
| Form subdivision | Humor. |
| 9 (RLIN) | 6558781 |
| 655 #7 - INDEX TERM--GENRE/FORM | |
| Genre/form data or focus term | Humor. |
| Source of term | lcgft |
| 9 (RLIN) | 5676008 |
| 655 #7 - INDEX TERM--GENRE/FORM | |
| Genre/form data or focus term | Anecedotes. |
| Source of term | lcgft |
| 9 (RLIN) | 6558782 |
| 655 #7 - INDEX TERM--GENRE/FORM | |
| Genre/form data or focus term | Biographies. |
| Source of term | lcgft |
| 9 (RLIN) | 5691024 |
| 942 ## - ADDED ENTRY ELEMENTS (KOHA) | |
| Source of classification or shelving scheme | Dewey Decimal Classification |
| Koha item type | BOOK |
| Withdrawn status | Lost status | Source of classification or shelving scheme | Damaged status | Not for loan | Collection code | Home library | Current library | Shelving location | Date acquired | Source of acquisition | Total Checkouts | Total Renewals | Full call number | Barcode | Checked out | Date last seen | Date checked out | Cost, replacement price | Price effective from | Koha item type |
|---|---|---|---|---|---|---|---|---|---|---|---|---|---|---|---|---|---|---|---|---|
| Dewey Decimal Classification | General NonFiction | Wasatch County Library | Wasatch County Library | Second Floor | 02/20/2026 | Ingram | 2 | 2 | 320.97 Kennedy | 34301002107144 | 04/29/2026 | 03/03/2026 | 03/03/2026 | 29.99 | 02/20/2026 | BOOK |
